[Event "Asia-ch Amateur"]
[Site "Dubai"]
[Date "2023.08.31"]
[Round "6"]
[White "Amirinasab, Abolfazl"]
[Black "Alhejab, Meshal"]
[Result "0-1"]
[WhiteElo "1885"]
[BlackElo "1711"]
[PlyCount "84"]
[EventDate "2023.08.28"]
[EventType "swiss"]
[EventRounds "9"]
[EventCountry "UAE"]
[SourceTitle "EXT 2024"]
[Source "ChessBase"]
[SourceDate "2023.10.10"]
[SourceVersion "1"]
[SourceVersionDate "2023.10.10"]
[SourceQuality "1"]

1. e4 c5 2. Nf3 Nc6 3. d4 cxd4 4. Nxd4 Nf6 5. Nc3 e5 6. Ndb5 d6 7. Bg5 a6 8. Na3 b5 9. Nd5 Be7 10. Bxf6 Bxf6 11. c4 b4 12. Nc2 a5 13. g3 0-0 14. h4 Rb8 15. b3 Be6 16. Bh3 Bxd5 17. cxd5 Na7 18. 0-0 Nb5 19. Ne3 Nc3 20. Qd3 Qc7 21. Rfe1 Bd8 22. Qc4 Qa7 23. Qd3 Bb6 24. a4 Bd4 25. Rac1 Rb7 26. Nd1 Nxd1 27. Rexd1 Bxf2+ 28. Kg2 Bc5 29. h5 h6 30. Rf1 Rc7 31. Bg4 Qb6 32. Qb5 Qxb5 33. axb5 Ra8 34. Ra1 Be3 35. Be2 Rc2 36. Rae1 Rb2 37. Rf3 Rxb3 38. Kh3 Rc3 39. Rb1 Bd4 40. Rff1 b3 41. Bd1 a4 42. Kg4 Rb8 0-1

[Event "Asia-ch Amateur"]
[Site "Dubai"]
[Date "2023.08.29"]
[Round "3"]
[White "Hamdan Edrees, Alhamed"]
[Black "Amirinasab, Abolfazl"]
[Result "1-0"]
[WhiteElo "1731"]
[BlackElo "1885"]
[PlyCount "49"]
[EventDate "2023.08.28"]
[EventType "swiss"]
[EventRounds "9"]
[EventCountry "UAE"]
[SourceTitle "EXT 2024"]
[Source "ChessBase"]
[SourceDate "2023.10.10"]
[SourceVersion "1"]
[SourceVersionDate "2023.10.10"]
[SourceQuality "1"]

1. e4 c5 2. Nf3 d6 3. d4 cxd4 4. Nxd4 Nf6 5. Nc3 a6 6. Bg5 e6 7. f4 Qb6 8. Qd2 Qxb2 9. Rb1 Qa3 10. f5 Nc6 11. fxe6 fxe6 12. Nxc6 bxc6 13. e5 Nd5 14. Nxd5 cxd5 15. c4 d4 16. Qxd4 Qa5+ 17. Bd2 Qxe5+ 18. Qxe5 dxe5 19. Be3 a5 20. c5 Bd7 21. Be2 Bc6 22. 0-0 Bd5 23. Bb5+ Kd8 24. Rf7 Rc8 25. Bg5+ 1-0

[Event "IRI-ch U12"]
[Site "Chess.com INT"]
[Date "2021.01.16"]
[Round "2"]
[White "Hadavandkhani, Mohammadmahdi"]
[Black "Amirinasab, Abolfazl"]
[Result "1-0"]
[WhiteElo "1623"]
[BlackElo "1116"]
[PlyCount "91"]
[EventDate "2021.01.16"]
[EventType "swiss"]
[EventRounds "11"]
[EventCountry "IRI"]
[SourceTitle "EXT 2022"]
[Source "ChessBase"]
[SourceDate "2021.10.06"]
[SourceVersion "1"]
[SourceVersionDate "2021.10.06"]
[SourceQuality "1"]

1. e4 c5 2. Nf3 d6 3. d4 cxd4 4. Nxd4 Nf6 5. Nc3 a6 6. Be2 e6 7. 0-0 Be7 8. Be3 0-0 9. Qd2 b5 10. Bf3 Nfd7 11. Rad1 Ne5 12. Be2 Bb7 13. f4 Nc4 14. Bxc4 bxc4 15. Qe2 Qc7 16. f5 e5 17. Nf3 Nd7 18. h3 Nf6 19. Bf2 Rfd8 20. Kh1 Rac8 21. Rd2 Nh5 22. g3 Nf6 23. Kh2 Ba8 24. Nd5 Nxd5 25. exd5 Qd7 26. Bb6 Re8 27. Ne1 Bxd5 28. Rxd5 Qc6 29. Qg2 Qxb6 30. c3 Rb8 31. Rd2 Bg5 32. Re2 d5 33. Nf3 Bf6 34. g4 e4 35. Ne1 Qd6+ 36. Kh1 Rb7 37. g5 Be5 38. f6 g6 39. Qg4 Reb8 40. Rff2 Bg3 41. Rg2 Bxe1 42. Rxe1 Rxb2 43. Rxb2 Rxb2 44. Qc8+ Qf8 45. Qg4 Qb8 46. Qg1 1-0